<?xml version="1.0" encoding="UTF-8"?>
<record
    xmlns:xsi="http://www.w3.org/2001/XMLSchema-instance"
    xsi:schemaLocation="http://www.loc.gov/MARC21/slim http://www.loc.gov/standards/marcxml/schema/MARC21slim.xsd"
    xmlns="http://www.loc.gov/MARC21/slim">

  <leader>00469cam a2200193ua 4500</leader>
  <controlfield tag="001">8705</controlfield>
  <controlfield tag="008">181008n1990    II  |||gr||||Z||||||eng</controlfield>
  <datafield tag="040" ind1=" " ind2=" ">
    <subfield code="a">MAIN</subfield>
  </datafield>
  <datafield tag="041" ind1=" " ind2=" ">
    <subfield code="a">English</subfield>
  </datafield>
  <datafield tag="041" ind1=" " ind2=" ">
    <subfield code="a">eng</subfield>
  </datafield>
  <datafield tag="082" ind1=" " ind2=" ">
    <subfield code="a">320 HAZ</subfield>
  </datafield>
  <datafield tag="100" ind1=" " ind2=" ">
    <subfield code="a">HAZARIKA, NIRU.</subfield>
  </datafield>
  <datafield tag="245" ind1=" " ind2=" ">
    <subfield code="a">UCHATTAR MADHYAMIK RAJNITI TATTWA ARU BHARATIYA</subfield>
  </datafield>
  <datafield tag="260" ind1=" " ind2=" ">
    <subfield code="a">GUWAHATI</subfield>
    <subfield code="b">STUDENTS STORES</subfield>
    <subfield code="c">1990</subfield>
  </datafield>
  <datafield tag="300" ind1=" " ind2=" ">
    <subfield code="a">375.</subfield>
  </datafield>
  <datafield tag="653" ind1=" " ind2=" ">
    <subfield code="a">Political science</subfield>
  </datafield>
  <datafield tag="700" ind1=" " ind2=" ">
    <subfield code="a">CHAKRABORTY, JYOTI NATH.</subfield>
  </datafield>
  <datafield tag="942" ind1=" " ind2=" ">
    <subfield code="c">BK</subfield>
  </datafield>
  <datafield tag="999" ind1=" " ind2=" ">
    <subfield code="c">8681</subfield>
    <subfield code="d">8681</subfield>
  </datafield>
  <datafield tag="952" ind1=" " ind2=" ">
    <subfield code="0">1</subfield>
    <subfield code="1">0</subfield>
    <subfield code="4">0</subfield>
    <subfield code="7">0</subfield>
    <subfield code="8">TBPSC</subfield>
    <subfield code="a">MAIN</subfield>
    <subfield code="b">MAIN</subfield>
    <subfield code="c">PSRK</subfield>
    <subfield code="d">1998-06-23</subfield>
    <subfield code="o">320 HAZ</subfield>
    <subfield code="p">15853</subfield>
    <subfield code="r">2020-02-27 00:00:00</subfield>
    <subfield code="t">1</subfield>
    <subfield code="w">2020-02-27</subfield>
    <subfield code="y">BK</subfield>
  </datafield>
  <datafield tag="952" ind1=" " ind2=" ">
    <subfield code="0">1</subfield>
    <subfield code="1">0</subfield>
    <subfield code="4">0</subfield>
    <subfield code="7">0</subfield>
    <subfield code="8">TBPSC</subfield>
    <subfield code="a">MAIN</subfield>
    <subfield code="b">MAIN</subfield>
    <subfield code="c">STAFF</subfield>
    <subfield code="d">1998-06-23</subfield>
    <subfield code="o">320 HAZ</subfield>
    <subfield code="p">15854</subfield>
    <subfield code="r">2020-02-27 00:00:00</subfield>
    <subfield code="t">2</subfield>
    <subfield code="w">2020-02-27</subfield>
    <subfield code="y">BK</subfield>
    <subfield code="z">V</subfield>
  </datafield>
  <datafield tag="952" ind1=" " ind2=" ">
    <subfield code="0">1</subfield>
    <subfield code="1">0</subfield>
    <subfield code="4">0</subfield>
    <subfield code="7">0</subfield>
    <subfield code="8">TBPSC</subfield>
    <subfield code="a">MAIN</subfield>
    <subfield code="b">MAIN</subfield>
    <subfield code="c">STAFF</subfield>
    <subfield code="d">1998-06-23</subfield>
    <subfield code="o">320 HAZ</subfield>
    <subfield code="p">15855</subfield>
    <subfield code="r">2020-02-27 00:00:00</subfield>
    <subfield code="t">3</subfield>
    <subfield code="w">2020-02-27</subfield>
    <subfield code="y">BK</subfield>
    <subfield code="z">V</subfield>
  </datafield>
</record>
